| 000 | | | 03689nmc2a22002533x 450 |
| 001 | | | 3aed6808-3029-482c-a07d-5aaa88a7b725 |
| 005 | | | 20200601192700.0 |
| 100 | ## | $a | 20200122l18801880k l0rusy0189 ca |
| 101 | 0# | $a | rus |
| 102 | ## | $a | RU |
| 105 | ## | $a | y### |
| 122 | 2# | $a | d |
| 200 | 1# | $a | Дело по донесениям Санкт-Петербургского губернатора о происшествиях по губернии |
| | $j | 22 января - 29 ноября 1880 г. |
| 215 | ## | $a | 14 л. |
| | $d | 36,5х26 см |
| 251 | ## | $c | Дело |
| 300 | ## | $a | Дело |
| 371 | ## | $a | Документ не является опубликованным и широко распространяемым |
| 461 | #0 | $1 | 001f1872bb2-62c1-4849-9738-00f5d48ed530 |
| | $1 | 2001 |
| | $a | Департамент народного просвещения Министерства народного просвещения (1803-1917) |
| | $1 | 251 |
| | $c | Фонд |
| | $1 | 852 |
| | $j | 733 |
| 462 | #0 | $1 | 001e551e41b-1d3e-47df-bad0-92f3689d4953 |
| | $1 | 2001 |
| | $a | Дела Департамента полиции исполнительной МВД за 1880 год |
| | $1 | 251 |
| | $c | Опись |
| | $1 | 852 |
| | $j | 41 |
| | $l | 1880 г. |
| 801 | #0 | $a | RU |
| | $b | РГИА |
| | $c | 20200122 |
| | $g | RCR |
| 801 | #1 | $a | RU |
| | $b | ГлавНИВЦ |
| | $c | 20200122 |
| | $2 | rusmarc |
| 801 | #2 | $a | RU |
| | $b | ПБ им. Б.Н. Ельцина |
| | $c | 20200601 |
| | $g | RCR |
| | $2 | rusmarc |
| 850 | ## | $a | РГИА |
| 852 | ## | $a | РГИА |
| | $e | Федеральное казенное учреждение "Российский государственный исторический архив" (РГИА) |
| | $j | 406 |
| 937 | ## | $h | РГИА |
| | $d | 12335299 |
| | $a | ASBIBLIO_SCAN |
| 035 | ## | $a | RuPRLIB12145787 |
| 856 | ## | $u | http://readingroom.main.prlib.ru/item.aspx?id_node=n144907768&mode=full |